000 00803nam a2200217Ii 4500
003 JO-AjNU
008 230605s9999||||xx |||||||||||||| ||und||
017 _a2006/1/109
040 _aJO-AjNU
_bara
_erda
_cJO-AjNU
041 _aara
050 1 4 _aHF5686.C7.A28 2011
100 3 _aتأليف: ابو نصار،محمد حسين,
_eauthor
_930836
245 0 0 _aمحاسبة الشركات: الاصول العلمية والعملية اشخاص واموال
250 _aط2
264 3 1 _aعمان: المؤلف، 2011
300 _a462ص
_bيحتوي على ببلوغرافية من ص 461-462ص
336 _atext
_btxt
_2rdacontent
337 _aunmediated
_bn
_2rdamedia
338 _avolume
_bnc
_2rdacarrier
650 4 _aالمحاسبة المالية - محاسبة الشركات
_930837
999 _aA12269
_c15837
_d15837